<?xml version="1.0" encoding="UTF-8"?>
<record
    xmlns:xsi="http://www.w3.org/2001/XMLSchema-instance"
    xsi:schemaLocation="http://www.loc.gov/MARC21/slim http://www.loc.gov/standards/marcxml/schema/MARC21slim.xsd"
    xmlns="http://www.loc.gov/MARC21/slim">

  <leader>01299nam a22001697a 4500</leader>
  <controlfield tag="008">121218t        xxu||||| |||| 00| 0 eng d</controlfield>
  <datafield tag="050" ind1=" " ind2=" ">
    <subfield code="a">Q175.C23</subfield>
  </datafield>
  <datafield tag="100" ind1=" " ind2=" ">
    <subfield code="a">Campbell, Donald T.</subfield>
  </datafield>
  <datafield tag="245" ind1=" " ind2=" ">
    <subfield code="a">Experimental and quasi-experimental designs for research /</subfield>
    <subfield code="c">Donald T. Campbell and Julian C. Stanley</subfield>
  </datafield>
  <datafield tag="260" ind1=" " ind2=" ">
    <subfield code="a">U.S.A:</subfield>
    <subfield code="b">Rand mcnally college publishing company,</subfield>
    <subfield code="c">c1963.</subfield>
  </datafield>
  <datafield tag="300" ind1=" " ind2=" ">
    <subfield code="a">ix, 84p.</subfield>
    <subfield code="b">ill</subfield>
    <subfield code="c">22cm.</subfield>
  </datafield>
  <datafield tag="500" ind1=" " ind2=" ">
    <subfield code="a">Includes index</subfield>
  </datafield>
  <datafield tag="505" ind1=" " ind2=" ">
    <subfield code="a">Contents: Problem and background -- Three pre-experimental designs: The One-shot case study -- The One-group pretest-pottest design -- The Static-group comparison -- Three true experimental designs: The Pretest-pottest control group design -- The Solomon four-group design -- The Posttest-only control group design -- Quasi-experimental designs: The Time-series experiment -- The Equivalent time samples design -- The Nonequivalent control group design -- Counterbalanced designs -- The Separate-sample pretest-posttest design -- The Separate-sample pretest-posttest control group design -- The Multiple time-series design -- The Recurrent institutional cycle design: a ''patched-up'' -- Regression-discontinuity analysis -- Correlational and ex post facto designs.</subfield>
  </datafield>
  <datafield tag="650" ind1=" " ind2=" ">
    <subfield code="b">Research method</subfield>
  </datafield>
  <datafield tag="700" ind1=" " ind2=" ">
    <subfield code="a">Stanley, Julian C.</subfield>
  </datafield>
  <datafield tag="942" ind1=" " ind2=" ">
    <subfield code="2">lcc</subfield>
    <subfield code="c">BK</subfield>
  </datafield>
  <datafield tag="999" ind1=" " ind2=" ">
    <subfield code="c">2680</subfield>
    <subfield code="d">10180</subfield>
  </datafield>
  <datafield tag="952" ind1=" " ind2=" ">
    <subfield code="0">0</subfield>
    <subfield code="1">0</subfield>
    <subfield code="2">lcc</subfield>
    <subfield code="4">0</subfield>
    <subfield code="7">0</subfield>
    <subfield code="a">WIUC-1</subfield>
    <subfield code="b">WIUC-1</subfield>
    <subfield code="c">AEC</subfield>
    <subfield code="d">2012-12-18</subfield>
    <subfield code="l">0</subfield>
    <subfield code="o">Q175.C23</subfield>
    <subfield code="p">6938/12</subfield>
    <subfield code="r">2012-12-18 00:00:00</subfield>
    <subfield code="w">2012-12-18</subfield>
    <subfield code="y">BK</subfield>
  </datafield>
</record>
